00611nam a2200193Ia 4500008004100000020001800041082001700059100001900076245003600095250000800131260003700139300002800176500001900204600002200223650001500245942000700260952013300267999001700400240925s9999 xx 000 0 und d a9788122437850 a621.3132 PAD aPadiyar, K. R. 0aHVDC Power Transmission Systems a3rd aNew Delhi:bKatson Booksc,2015. axvi, 759p.b0fOriginal aIncludes Index aPower Engineering aTechnology cBK 001040708ELaUITUbUITUd2016-03-09eRoyal Book Companyg514.25l0o621.3132 PADpQ10818r2024-09-25 07:15:51w2024-09-25yBK c13317d13317